Cantata del Che : fragmento /
Saved in:
| Main Author: | |
|---|---|
| Format: | Unknown |
| Language: | Spanish |
| Subjects: | |
| Tags: |
Add Tag
No Tags, Be the first to tag this record!
|
MARC
| LEADER | 000000000a22000000004500 | ||
|---|---|---|---|
| 001 | 002319 | ||
| 041 | 0 | |a spa | |
| 100 | 1 | |a Zalamea, Jorge, |d 1905- | |
| 245 | 1 | 0 | |a Cantata del Che : |b fragmento / |c Jorge Zalamea. |
| 310 | |a bimestral | ||
| 650 | 4 | |a REVOLUCION CUBANA | |
| 773 | 0 | |x 008-7157 |d Cuba : Editorial Casa de las Américas |t Casa de las Américas |g número 51-52 (1968-1969), páginas 39-43 | |
| 942 | |c ARC | ||
| 999 | |c 9839 |d 9839 | ||
